00543 2200217 4500001002100000005001700021008004100038035002400079082001000103090002000113100001500133245003800148250001100186260002800197300002400225650002300249850001700272980001500289985000600304999001500310YOGYA-0209000006708620090227091937.0 ind  0010-020900000067086 a028.5 a028.5bWol BlK aWOLF, Tony aBello naik balon udaracTony Wolf aCet. 1 aJakartabGramediac1990 a27 hlmbilusc16 cm aBacaan kanak-kanak aYOPDYOG(JSC) a14-12-2008 a1 a95P0071207